Normal view MARC view
  • Kelly, Evelyn B

Entry Personal Name

Number of records used in: 1

001 - CONTROL NUMBER

  • control field: 88717

003 - CONTROL NUMBER IDENTIFIER

  • control field: NUST

005 - DATE AND TIME OF LATEST TRANSACTION

  • control field: 20220202111216.0

008 - FIXED-LENGTH DATA ELEMENTS

  • fixed length control field: 220202|| aca||aabn | a|a d

040 ## - CATALOGING SOURCE

  • Original cataloging agency: NUST
  • Transcribing agency: NUST

100 ## - HEADING--PERSONAL NAME

  • Personal name: Kelly, Evelyn B

670 ## - SOURCE DATA FOUND

  • Source citation: Work cat.: (NUST)0: Kelly, Evelyn B., Gene therapy /, 2007.
© 2023 Central Library, National University of Sciences and Technology. All Rights Reserved.